00412 2200169 4500245004800000250001100048100001900059700002100078700001800099650001700117005001900134260003100153041001400184084001300198300002200211336000900233 aMagical Sweet MermaidcItsuru, MinasehText aCet. 1 aItsuru, Minase aRianie S. Sirait aLidwina Leung aKomik Jepang a20230331104007 aJakartabPT Gramediac2005 aIndonesia a741.5592 ailus. :c17.5 cm. atext